UM Logo

A 24-pulse rectifier with a passive auxiliary current injection circuit at DC side / (Record no. 19912)

MARC details
000 -LEADER
fixed length control field 01031nam a22002417a 4500
003 - CONTROL NUMBER IDENTIFIER
control field OSt
005 - DATE AND TIME OF LATEST TRANSACTION
control field 20250918161519.0
008 - FIXED-LENGTH DATA ELEMENTS--GENERAL INFORMATION
fixed length control field 240401b ||||| |||| 00| 0 eng d
040 ## - CATALOGING SOURCE
Transcribing agency 0
082 ## - DEWEY DECIMAL CLASSIFICATION NUMBER
Classification number DPer 621.381 In821 September 2022 v. 37 n. 9
100 ## - MAIN ENTRY--PERSONAL NAME
Personal name Wang, Jingfang.
Relator term author.
9 (RLIN) 55590
245 ## - TITLE STATEMENT
Title A 24-pulse rectifier with a passive auxiliary current injection circuit at DC side /
Statement of responsibility, etc. Jingfang Wang, Yusheng Lv, Lei Li, Xuliang Yao, Qi Guan, and Qiming Chen.
260 ## - PUBLICATION, DISTRIBUTION, ETC. (IMPRINT)
Place of publication, distribution, etc. New York ;
Name of publisher, distributor, etc. The Institute of Electrical and Electronics Engineers, Inc. ,
Date of publication, distribution, etc. September 2022.
300 ## - PHYSICAL DESCRIPTION
Extent Volume 37, pages 11109-11123 :
Other physical details illustration ;
Dimensions 28 cm.
500 ## - GENERAL NOTE
General note IEEE Transitions on Power Electronics, v. 37 n. 9, pages 11109-11123, September 2022.
700 ## - ADDED ENTRY--PERSONAL NAME
Personal name Wang, Jingfang.
Relator term author.
9 (RLIN) 55590
700 ## - ADDED ENTRY--PERSONAL NAME
Personal name Lv, Yusheng.
Relator term author.
9 (RLIN) 55591
700 ## - ADDED ENTRY--PERSONAL NAME
Personal name Li, Lei.
Relator term author.
9 (RLIN) 55592
700 ## - ADDED ENTRY--PERSONAL NAME
Personal name Yao, Xuliang.
Relator term author.
9 (RLIN) 55593
700 ## - ADDED ENTRY--PERSONAL NAME
Personal name Guan, Qi.
Relator term author.
9 (RLIN) 55594
700 ## - ADDED ENTRY--PERSONAL NAME
Personal name Chen, Qiming.
Relator term author.
9 (RLIN) 55595
942 ## - ADDED ENTRY ELEMENTS (KOHA)
Source of classification or shelving scheme Dewey Decimal Classification
Koha item type Periodicals
Holdings
Withdrawn status Lost status Source of classification or shelving scheme Damaged status Not for loan Collection code Home library Current library Date acquired Total Checkouts Full call number Date last seen Price effective from Koha item type Public note
    Dewey Decimal Classification     Periodicals UM Digos College - LIC UM Digos College - LIC 04/01/2024   DPer 621.381 In821 September 2022 v. 37 n. 9 04/01/2024 04/01/2024 Periodicals Periodical Article